00953cam a22002771a 4500001001300000003000400013005001700017008004100034010001700075025001500092035002000107040001900127042001200146050001800158100001700176245004600193260011400239300002900353500010300382520006200485546001800547650002600565650001600591600005100607999001700658sa 68018708 DLC20260227112714.0970320s1967 ii 000 0 malr  asa 68018708  aI-Mal-1481 a(OCoLC)36584627 aDLCcICRLdDLC apremarc00aBF1623.P9bT51 aTōmas, Bi.10aSaṅkhyājōtiṣaṃ /cBi. Tōmas. a[Kōṭṭayaṃ?] :bJ. Johnson ;aKōṭṭayaṃ :bvitaraṇaṃ, Nāṣanal Bukkst̲t̲āḷ,c1967. a267 p. :bill. ;c19 cm. a"85 varṣatte kalaṇṭar̲uṃ, Kollavarṣaṃ 1057-1143 Kr̲istuvarṣaṃ 1881-1968"--Cover. aTreatise on numerology based on Cheiro's book of numbers. aIn Malayalam. 0aSymbolism of numbers. 0aNumerology.00aCheiro,d1866-1936.tCheiro's book of numbers. c88600d88600